000
00298nam a22001337a 4500
008
210519b ||||| |||| 00| 0 eng d
041
_a
eng
080
_a
316
082
_a
316
100
_a
50
101
_a
SOC
245
_a
Scientific social surveys and research
_c
Young,P.V
942
_2
udc
_c
BK
999
_c
57517
_d
57517